Normal view
MARC view
- Fact fulness :Ten Reasons we're Wrong About the World - and Why Things are Better Than You Think.NUSTTB2022
Entry Topical Term
001 - CONTROL NUMBER
- control field: 104135
003 - CONTROL NUMBER IDENTIFIER
- control field: NUST
005 - DATE AND TIME OF LATEST TRANSACTION
- control field: 20221205124905.0
008 - FIXED-LENGTH DATA ELEMENTS
- fixed length control field: 221205|| aca||aabn | a|a d
040 ## - CATALOGING SOURCE
- Original cataloging agency: NUST
- Transcribing agency: NUST
150 ## - HEADING--TOPICAL TERM
- Topical term or geographic name entry element: Fact fulness :Ten Reasons we're Wrong About the World - and Why Things are Better Than You Think.NUSTTB2022
670 ## - SOURCE DATA FOUND
- Source citation: Work cat.: (NUST)591387: Rosling, Hans: 89902, Fact fulness : , 2018.
